zpět

Detail výsledku týmu

Jakoby Kavárna, Ostrov

Datum a čas kvízu

29.5 Celkem bodů Celkový počet nahraných bodů na tomto kvízu bez doplňovacích otázek.
5. Pořadí na kvízu Konečné umístění týmu na tomto kvízu.

Zaznamenané odpovědi

# Otázka Odpověď Body Výsledky
1. Minulý týden zaplnily internet... A 0
2. V úterý přijali europoslanci p... USB-C, 2024 0.5
3. Minulý týden proběhlo internet... Bílý balet 1
4. Nobelovu cenu za fyziku letos... C) teleportace 1
5. V neděli proběhl již 132. roč... Mr Spex 0
6. Podívejme se nejprve na velblo... C 0
7. Přiřaďte správné výrazy k jeji... 1A 2D 3B 4C 1
8. Jeden známý biblický příměr ml... uchem jehly 1
9. Tři veteráni jsou pohádková kl... Rudolf Hrušínský 0
10. Velblouda má ve znaku město Pl... husitům (sirotkům) 0